000
00359nam a2200157Ia 4500
003
0STCL
008
150530s9999 xx 000 0 und d
040
_a
STCL
_c
STCL
100
_a
Agarwal, R.D.
245
_a
Economic aspects of welfare state in India
260
_c
1967
546
_a
English
942
_2
ddc
_c
BK
999
_c
8733
_d
8733
005
20220125165515.0